LEADER 02432nam 2200613 450 001 9910464825603321 005 20200520144314.0 010 $a0-8047-9212-7 035 $a(CKB)3710000000128521 035 $a(SSID)ssj0001225960 035 $a(PQKBManifestationID)12459156 035 $a(PQKBTitleCode)TC0001225960 035 $a(PQKBWorkID)11270529 035 $a(PQKB)11104998 035 $a(StDuBDS)EDZ0000986022 035 $a(MiAaPQ)EBC1713123 035 $a(Au-PeEL)EBL1713123 035 $a(CaPaEBR)ebr10883335 035 $a(OCoLC)923709016 035 $a(EXLCZ)993710000000128521 100 $a20140624h20142014 uy 0 101 0 $aeng 135 $aur||||||||||| 181 $ctxt 182 $cc 183 $acr 200 10$aAmazonian routes $eindigenous mobility and colonial communities in northern Brazil /$fHeather F. Roller 210 1$aStanford, California :$cStanford University Press,$d2014. 210 4$dİ2014 215 $a1 online resource (xv, 342 pages) $cillustrations (black and white), maps (black and white) 300 $aBibliographic Level Mode of Issuance: Monograph 311 $a0-8047-8708-5 320 $aIncludes bibliographical references and index. 330 8 $aThis text reconstructs the world of eighteenth-century Amazonia to argue that indigenous mobility did not undermine settlement or community. In doing so, it revises longstanding views of native Amazonians as perpetual wanderers, lacking attachment to place and likely to flee at the slightest provocation. 606 $aIndians of South America$zAmazon River Region$y18th century 606 $aIndians of South America$zBrazil, North$xHistory$y18th century 606 $aMigration, Internal$zAmazon River Region$xHistory$y18th century 606 $aMigration, Internal$zBrazil, North$xHistory$y18th century 606 $aVillage communities$zAmazon River Region$xHistory$y18th century 608 $aElectronic books. 615 0$aIndians of South America 615 0$aIndians of South America$xHistory 615 0$aMigration, Internal$xHistory 615 0$aMigration, Internal$xHistory 615 0$aVillage communities$xHistory 676 $a981/.1 700 $aRoller$b Heather$0999277 801 0$bMiAaPQ 801 1$bMiAaPQ 801 2$bMiAaPQ 906 $aBOOK 912 $a9910464825603321 996 $aAmazonian routes$92292834 997 $aUNINA LEADER 01670nam 2200445I 450 001 9910709644603321 005 20180605155309.0 035 $a(CKB)5470000002471791 035 $a(OCoLC)1038787776 035 $a(EXLCZ)995470000002471791 100 $a20180605j198411 ua 0 101 0 $aeng 135 $aur||||||||||| 181 $ctxt$2rdacontent 182 $cc$2rdamedia 183 $acr$2rdacarrier 200 14$aThe design, fabrication, and delivery of a spacelab neutral buoyancy instrument pointing system (IPS) mockup $efinal report /$fCharles N. VanValkenburgh 210 1$aMarshall Space Flight Center, Alabama :$cNational Aeronautics and Space Administration,$dNovember 1984. 215 $a1 online resource (various pagings) $cillustrations 225 1 $aNASA/CR ;$v171233 300 $a"November 8, 1984." 517 $aDesign, fabrication, and delivery of a spacelab neutral buoyancy instrument pointing system 606 $aNeutral buoyancy$2nasat 606 $aFabrication$2nasat 606 $aSpacelab payloads$2nasat 606 $aTraining simulators$2nasat 606 $aPointing control systems$2nasat 615 7$aNeutral buoyancy. 615 7$aFabrication. 615 7$aSpacelab payloads. 615 7$aTraining simulators. 615 7$aPointing control systems. 700 $aVanValkenburgh$b Charles N.$01408310 712 02$aGeorge C. Marshall Space Flight Center, 801 0$bGPO 801 1$bGPO 906 $aBOOK 912 $a9910709644603321 996 $aThe design, fabrication, and delivery of a spacelab neutral buoyancy instrument pointing system (IPS) mockup$93491876 997 $aUNINA